| 000 | 00943nam a22002057a 4500 | ||
|---|---|---|---|
| 003 | OSt | ||
| 005 | 20160620110337.0 | ||
| 008 | 150408b xxu||||| |||| 00| 0 eng d | ||
| 040 | _cBMC | ||
| 082 | _a004.1 | ||
| 100 | 1 |
_936052 _aGaldámez de Lima, Claudia Beatriz |
|
| 245 | 1 | 0 |
_aPasantía de gerente de informática en PARTEX APPAREL Internacional Ltda. de C.V. _b: Informe final _cClaudía Beatríz Galdámez de Lima |
| 260 |
_aSanta Ana (El Salvador) _bUniversidad Católica de Occidente _c2005 |
||
| 300 |
_a1 v. (pág. var.) _bil. _c28 cm _e+ 1 discos compacto |
||
| 500 | _aPrecede al tít.: Universidad Católica de Occidente, Facultad de Ciencias Económicas | ||
| 502 | _aTrabajo de graduación para optar al grado académico de Licenciatura en Computación Administrativa Empresarial | ||
| 650 | 2 | 4 |
_92031 _aInformática |
| 710 | 2 |
_91067 _aUniversidad Católica de El Salvador _bFacultad de Ciencias Empresariales |
|
| 942 |
_2ddc _cTG |
||
| 999 |
_c22307 _d22307 |
||